Martínez Estrada, de radiografía de la pampa hacia el caribe /
Salvato in:
| Autore principale: | |
|---|---|
| Natura: | Sconosciuto |
| Lingua: | Spanish |
| Soggetti: | |
| Tags: |
Aggiungi Tag
Nessun Tag, puoi essere il primo ad aggiungerne!!
|
MARC
| LEADER | 000000000a22000000004500 | ||
|---|---|---|---|
| 001 | 001972 | ||
| 041 | 0 | |a spa | |
| 100 | 1 | |a Viñas, David | |
| 245 | 1 | 0 | |a Martínez Estrada, de radiografía de la pampa hacia el caribe / |c David Viñas. |
| 310 | |a semestral | ||
| 650 | 4 | |a LITERATURA ARGENTINA | |
| 650 | 4 | |a POLITICA | |
| 650 | 4 | |a MARTINEZ ESTRADA | |
| 650 | 4 | |a RADIOGRAFIA DE LA PAMPA | |
| 650 | 4 | |a CRITICAS | |
| 650 | 4 | |a IDENTIDAD | |
| 650 | 4 | |a NACIONALISMO | |
| 650 | 4 | |a CUBA | |
| 773 | 0 | |x 0798-958-X |d Venezuela : Universidad Simón Bolívar |t Estudios: Revista de Investigaciones Literarias |g volumen 5, número 9 (1997), páginas 57-72 | |
| 942 | |c ARC | ||
| 999 | |c 9761 |d 9761 | ||
